Построение классификатора идеомоторной активности на основе биспектрального анализа; Молодежь и современные информационные технологии

Dades bibliogràfiques
Parent link:Молодежь и современные информационные технологии.— 2024.— С. 93-95
Autor principal: Новоселов К. И.
Altres autors: Бразовский К. С. Константин Станиславович
Sumari:Системы реабилитации с биологической обратной связью на основе интерфейсов мозг-компьютер для качественной работы требуют точного распознавания идеомоторной активности. Предложен новый метод классификации на основе биспектрального анализа. Пороговый классификатор на основе данного метода позволил распознавать сигнал ЭЭГ с точностью до 70%
Текстовый файл
Idioma:rus
Publicat: 2024
Col·lecció:Искусственный интеллект, машинное обучение и большие данные
Matèries:
Accés en línia:http://earchive.tpu.ru/handle/11683/84799
Format: MixedMaterials Electrònic Capítol de llibre
KOHA link:https://koha.lib.tpu.ru/cgi-bin/koha/opac-detail.pl?biblionumber=675235

MARC

LEADER 00000naa2a2200000 4500
001 675235
005 20250226104949.0
090 |a 675235 
100 |a 20241008d2024 k||y0rusy50 ca 
101 0 |a rus 
102 |a RU 
135 |a drbn ---uucaa 
200 1 |a Построение классификатора идеомоторной активности на основе биспектрального анализа  |f Новоселов К. И., Бразовский К. С. 
225 1 |a Искусственный интеллект, машинное обучение и большие данные 
283 |2 RDAcarrier 
320 |a Список использованных источников: 5 назв 
330 |a Системы реабилитации с биологической обратной связью на основе интерфейсов мозг-компьютер для качественной работы требуют точного распознавания идеомоторной активности. Предложен новый метод классификации на основе биспектрального анализа. Пороговый классификатор на основе данного метода позволил распознавать сигнал ЭЭГ с точностью до 70% 
336 |a Текстовый файл 
463 |0 674802  |9 674802  |c Томск  |d 2024  |n Изд-во ТПУ  |o сборник трудов XXI Международной научно-практической конференции студентов, аспирантов и молодых ученых, 15–18 апреля 2024 г., Томск  |t Молодежь и современные информационные технологии  |u conference_tpu-2024-C04.pdf  |v С. 93-95  |f ред. кол. А. С. Фадеев, Н. Г. Марков, В. Г. Спицын [и др.] 
610 1 |a электронный ресурс 
610 1 |a труды учёных ТПУ 
610 1 |a биспектральный анализ 
610 1 |a классификация ЭЭГ 
610 1 |a мозг-компьютер 
700 1 |a Новоселов  |b К. И. 
701 1 |a Бразовский  |b К. С.  |c специалист в области электроники  |c кандидат медицинских наук, доцент Томского политехнического университета  |f 1971-  |g Константин Станиславович  |9 16775 
801 0 |a RU  |b 63413507  |c 20241008 
850 |a 63413507 
856 4 |u http://earchive.tpu.ru/handle/11683/84799  |z http://earchive.tpu.ru/handle/11683/84799 
942 |c CF